000 00266nam a2200097 4500
999 _c515110
_d515110
082 _aTNC AB45 G443
100 _aGiri, Shankaracharya
_920234
245 _aKrishna in verse
_cby Shanakaracharya Giri
260 _aRanchi
_bRamayan Gita Publications
_c2004
300 _a78p.